Vogel's Qualitative Inorganic Analytics (Record no. 1496)

MARC details
000 -LEADER
fixed length control field 00367nam a2200157Ia 4500
003 - CONTROL NUMBER IDENTIFIER
control field OSt
008 - FIXED-LENGTH DATA ELEMENTS--GENERAL INFORMATION
fixed length control field 191201s2005 xx 000 0 und d
082 ## - DEWEY DECIMAL CLASSIFICATION NUMBER
Classification number 540 SVV
100 ## - MAIN ENTRY--PERSONAL NAME
Personal name SVEHLA, G
245 #0 - TITLE STATEMENT
Title Vogel's Qualitative Inorganic Analytics
250 ## - EDITION STATEMENT
Edition statement 7th
260 ## - PUBLICATION, DISTRIBUTION, ETC. (IMPRINT)
Place of publication, distribution, etc New Delhi
Name of publisher, distributor, etc Pearson Education
Date of publication, distribution, etc 2005
300 ## - PHYSICAL DESCRIPTION
Extent 359
650 ## - SUBJECT ADDED ENTRY--TOPICAL TERM
Topical term or geographic name as entry element Applied
942 ## - ADDED ENTRY ELEMENTS (KOHA)
Source of classification or shelving scheme Dewey Decimal Classification
Koha item type Text Books
Holdings
Withdrawn status Lost status Source of classification or shelving scheme Damaged status Not for loan Collection code Home library Current library Date acquired Source of acquisition Cost, normal purchase price Bill Number Total Checkouts Full call number Acc. no. / Barcode Date last seen Bill Date Koha item type
    Dewey Decimal Classification     Applied Sc. PIET C-LIBRARY PIET C-LIBRARY 02/09/2006 M/s UBS, Delhi 225.00 125382   540 SVV 2502 04/12/2019 22/08/2005 Text Books
    Dewey Decimal Classification     Applied Sc. PIET C-LIBRARY PIET C-LIBRARY 02/09/2006 M/s UBS, Delhi 225.00 125382   540 SVV 2503 04/12/2019 22/08/2005 Text Books

Design & Developed by: PIET Central Library
R70 Miles Stone Pattikalyana Samalkha Panipat 132102
mail ID :- [email protected], Phone No:- 0180-2569700 Ex.216